Children and adults : (Record no. 1216)

MARC details
000 -LEADER
fixed length control field 00495nam a2200181 a 4500
005 - DATE AND TIME OF LATEST TRANSACTION
control field 20260322212051.0
008 - FIXED-LENGTH DATA ELEMENTS--GENERAL INFORMATION
fixed length control field data
010 ## - LIBRARY OF CONGRESS CONTROL NUMBER
LC control number 75-33538
090 ## - LOCALLY ASSIGNED LC-TYPE CALL NUMBER (OCLC); LOCAL CALL NUMBER (RLIN)
Classification number (OCLC) (R) ; Classification number, CALL (RLIN) (NR) BF 723 .P25 B685
001 - CONTROL NUMBER
control field data
100 1# - MAIN ENTRY--PERSONAL NAME
Personal name Braga, Joseph
245 10 - TITLE STATEMENT
Title Children and adults :
Remainder of title activities for growing together /
Statement of responsibility, etc. Joseph Braga.
260 ## - PUBLICATION, DISTRIBUTION, ETC.
Place of publication, distribution, etc. Englewood Cliffs, N.J.
Name of publisher, distributor, etc. Prentice-Hall
Date of publication, distribution, etc. c1976
300 ## - PHYSICAL DESCRIPTION
Extent x, 310 p. :
Other physical details ill
500 ## - GENERAL NOTE
General note Bibliography: p. [281]-295
500 ## - GENERAL NOTE
General note Includes index
650 #4 - SUBJECT ADDED ENTRY--TOPICAL TERM
Topical term or geographic name entry element Parent and child.
Holdings
Withdrawn status Lost status Damaged status Not for loan Home library Current library Shelving location Date acquired Total checkouts Full call number Barcode Date last seen Price effective from Koha item type
        Fairview Fairview General stacks 22/03/2026   GEN BC0011256 22/03/2026 22/03/2026 Books